Score 0/12 Timer 01:00
4 Plays Today
Month % Correct
April
99.9%
August
96.6%
December
92%
February
87.3%
January
76%
July
72.7%
June
71.3%
March
61.8%
May
58.7%
November
48.9%
October
44.1%
September
37.5%

You're not logged in!

Compare scores with friends on all Sporcle quizzes.
OR
Log In

Sporcle TV

Today on Sporcle TV


Watch our educational content, quiz creation guides, and fun videos on Sporcle TV.

Show Comments

Extras

Top Quizzes Today


Score Distribution

Your Account Isn't Verified!

In order to create a playlist on Sporcle, you need to verify the email address you used during registration. Go to your Sporcle Settings to finish the process.

Report this User

Report this user for behavior that violates our Community Guidelines.

Details: